| 000 | 00907cam a2200217 4500 | ||
|---|---|---|---|
| 001 | Wb3803-11 | ||
| 008 | 020124n2002 000 0 eng u | ||
| 035 | _a(Sirsi) u116424 | ||
| 245 | _aChartered surveyors confident | ||
| 260 | _c2002 | ||
| 490 |
_aRICS Press Release _v22 January 2002, (2) |
||
| 520 | _aMembers of RICS Scotland report that the Scottish housing market remained upbeat until the end of 2001. Most members also believe that 2002 will be favourable for the residential market. With annexe to the report which includes summary of activity in important areas of Scotland including Glasgow and Edinburgh. | ||
| 590 | _aWB | ||
| 650 | _aHOUSING MARKET | ||
| 650 | _aHOUSE PRICES | ||
| 650 | _aABOUT RICS-RICS WORLDWIDE-RICS SCOTLAND | ||
| 650 | _aRESIDENTIAL MARKET | ||
| 650 | _aINTEREST RATES | ||
| 690 | _aPROPERTY-RESIDENTIAL PROPERTY-RESIDENTIAL PROPERTY MARKET | ||
| 942 | _n0 | ||
| 999 |
_c69347 _d69347 |
||